000 00515nam a22001937a 4500
003 MPLRDC
005 20220104143836.0
008 210129b ||||| |||| 00| 0 eng d
020 _a957-621-879-9
082 _a855 YQY-13
100 _a余秋雨文
245 _a北方的遗迹
_c郑义, 王仁定摄影
250 _a第一版
260 _a台湾
_b天下远见出版股份有限公司
_c2001
300 _b
490 _a风华馆; 5
650 _a散文;随笔、日记
942 _cBK
_o855 YQY-13
999 _c43888
_d43878